000
00336nam a2200133Ia 4500
008
240624s9999 xx 000 0 und d
041
_a
eng
082
_a
823 TAG
100
_a
TAGORE RABINDRANATH
245
_a
LOVER S GIFT AND CROSSING
260
_c
2007
_a
New Delhi
_b
Macmillan India
300
_a
100 : p. : cm. ; 17
365
_c
RS
_b
32
999
_c
6838
_d
6838